| 000 | 01616cad a22002415a 4500 | ||
|---|---|---|---|
| 001 | L147770 | ||
| 008 | 090616s2009 xxkb f f000 0 eng d | ||
| 035 | _a(Sirsi) u147770 | ||
| 041 | 0 | _aeng | |
| 050 | 0 | 4 | _a627.4 $2 18 |
| 110 | 2 |
_aUnited Kingdom _bDepartment for Environment, Food and Rural Affairs |
|
| 245 | 0 | 0 |
_aConsultation on coastal change policy _h[electronic resource] |
| 260 |
_aLondon _bDEFRA _c2009 |
||
| 505 | 2 | _aExecutive summary -- Background -- Supporting communities in adapting to coastal change -- Preparing and planning for change -- Managing change -- Summary of consultation questions -- Glossary | |
| 520 | _aSeeks views on a new coastal change consultation which presents ideas on how communities can effectively adapt to the impact of coastal changes and the role of Government in supporting this. Presents their new coastal change pathfinder programme. Seeks views on a proposed approach to enabling local authorities to assist home owners who lose their home as a result of coastal erosion. Accompanied by other documents entitled "Coastal change fund impact assessment", "Coastal erosion assistance package Impact Assessment", and the list of consultees, all available to download from the website. | ||
| 520 | _aDeadline for responses is 25 September 2009. | ||
| 521 | _aAdvanced | ||
| 590 | _aKA NTK | ||
| 651 | 4 |
_aEngland and Wales _y1543- |
|
| 690 | _aENVIRONMENTAL AND LAND CONSULTANCY-WATER RESOURCE MANAGEMENT | ||
| 856 | 4 | 0 |
_uhttps://www.defra.gov.uk/corporate/consult/coastal-change/index.htm _zView the consultation free of charge at www.defra.gov.uk... |
| 942 | _n0 | ||
| 999 |
_c109717 _d109717 |
||